| 000 | 01022cam a22003135a 4500 | ||
|---|---|---|---|
| 006 | a||||f |||| 00| 0 | ||
| 008 | 100906t2001 ad fr|||| 001 0 eng d | ||
| 010 | _a2004269133 | ||
| 020 | _a0131426443 | ||
| 020 | _a8120323688 | ||
| 020 | _a9788120323681 | ||
| 040 |
_aEG-ScBUE _beng _cEG-ScBUE |
||
| 082 | 0 | 0 |
_a005.133 _bDEI _222 |
| 100 | 1 |
_aDeitel, Harvey M., _918077 |
|
| 245 | 1 | 0 |
_aC : _bhow to program / _cH.M. Deitel, P.J. Deitel. |
| 250 | _a3th ed. | ||
| 260 |
_aNew Delhi: _bPrentice Hall of India, _cc2001. |
||
| 300 |
_axli, 1255 p. : _bill. ; _c24 cm. + _e1 CD-ROM (4 3/4 in.) |
||
| 440 | 0 |
_aHow to program series _918078 |
|
| 500 | _a index 1213-1253. | ||
| 650 | 0 |
_aC (Computer program language) _918079 _2BUEsh |
|
| 650 | 0 |
_aC++ (Computer program language) _918080 _2BUEsh |
|
| 650 | 0 |
_aJava (Computer program language) _918081 _2BUEsh |
|
| 651 | _2BUEsh | ||
| 653 |
_bCOMSCI _cAugust2015 |
||
| 655 |
_vtext book _933728 |
||
| 700 | 1 |
_aDeitel, Paul J. _918082 |
|
| 942 |
_cBB _k005.133 DEI _2ddc |
||
| 999 |
_c487 _d487 |
||